000 00277nam a2200109Ia 4500
005 20251222144755.0
008 251222s9999||||xx |||||||||||||| ||spa||
082 _a338.642/V63
100 _aVidales Gómez, Delcio
245 0 _aPequeña y Micro Empresa en el Perú
942 _cLIB
999 _c19496
_d19496